000 003600000a22001450004500
005 20120302055622.0
942 _cBOOK
100 _a Nikam,Pundalika Ramchandra
245 _a Swasthya Yog:Suryanamaskaar-Yogaasane (Bhag-2)
260 _aThane:Ambikaa Yog Kuteer,1988.
300 _a52p.
040 _aMAR
650 _aYogaasane
650 _aSuryaNamaskaar
999 _c348903
_d348900